000 00545nam a2200241 a 4500
001 nice12345678
003 IN_TiNIC
005 20260116011251.0
008 050524s1966 lona grp 000 0 eng
020 _a
_c442.2
082 0 0 _a232.3
_bWAR
100 _aWarren, Max
245 _aInterpreting the Cross.
260 _aLondon
_bScm Press
_c1966
300 _a126p
500 _aincludes index and biblioraphy
505 2 _aIndex
650 _aAtonement
700 1 _aWarren, Max
902 _bSRS
942 _cBK
999 _c24
_d24